00464 2200169 4500001002100000005001700021008004100038020001800079035002500097041000700122082001400129090002000143100001700163245005200180260004500232650001700277INLIS0000000000042990:yyyyMMddHHmmss180719||||||||| | ||| |||| || |  a979-22-2763-6 a0010-031300000004299 aid0 a641.865 4 a641.865 4 HID c0 akoko hidayat00aChoux pastry cookies : kue kering kombinasi sus aJakartabPT Gramedia pustaka utamac2007 0achoux pastry